Spektraľnyj analiz v geofizike = Spectral analysis in geophysics
Saved in:
| Main Author: | |
|---|---|
| Format: | Book |
| Language: | Russian |
| Published: |
Moskva :
Nedra,
1980
|
| Tags: |
No Tags, Be the first to tag this record!
|
MARC
| LEADER | 00000nam a22000003a 4500 | ||
|---|---|---|---|
| 001 | stu142496 | ||
| 005 | 20150617225920.2 | ||
| 008 | 070618s1980------------------------rus-d | ||
| 040 | |a STU |b slo | ||
| 041 | 0 | |a rus | |
| 080 | |a 543.42 |7 A000003321 | ||
| 080 | |a 550.83 | ||
| 100 | 1 | |a Bath, Markus |4 aut | |
| 245 | 1 | |a Spektraľnyj analiz v geofizike = Spectral analysis in geophysics | |
| 260 | |a Moskva : |b Nedra, |c 1980 | ||
| 300 | |a 534 s | ||
| 996 | |b E46648 |c E*46648 |l EE03 |s P |a 0 |w stu142496_0001 | ||